|
|
|
|
| LEADER |
00000nlm0a2200000 4500 |
| 001 |
640390 |
| 005 |
20240214083131.0 |
| 029 |
1 |
0 |
|a RU
|b 2508538
|c Пат.
|d МПК G 01 N 27/48
|
| 035 |
|
|
|a (RuTPU)RU\TPU\network\4937
|
| 035 |
|
|
|a RU\TPU\network\4412
|
| 039 |
0 |
|
|a RU
|b 2012145539/28
|c 20121026
|
| 090 |
|
|
|a 640390
|
| 100 |
|
|
|a 20150416j20140227k y0rusy50 ca
|
| 101 |
0 |
|
|a rus
|
| 102 |
|
|
|a RU
|
| 105 |
|
|
|a a k 000zy
|
| 135 |
|
|
|a drcn ---uucaa
|
| 181 |
|
0 |
|a i
|
| 182 |
|
0 |
|a b
|
| 200 |
1 |
|
|a Способ вольтамперометрического определения наночастиц Fe[2]O[3] на угольно-пастовом электроде
|f Н. М. Дубова, Г. Б. Слепченко, Хо Ши Линь
|g Национальный исследовательский Томский политехнический университет (ТПУ)
|
| 203 |
|
|
|a Текст
|c электронный
|
| 300 |
|
|
|a опубл. 27.02.14
|
| 330 |
|
|
|a Изобретение относится к электрохимическим методам анализа, а именно к вольтамперометрическому способу определения твердофазных наночастиц Fe[2]O[3] на угольно-пастовом электроде.
|
| 610 |
1 |
|
|a патенты
|
| 610 |
1 |
|
|a труды учёных ТПУ
|
| 610 |
1 |
|
|a электронный ресурс
|
| 610 |
1 |
|
|a изобретения
|
| 610 |
1 |
|
|a вольтамперометрическое определение
|
| 610 |
1 |
|
|a наночастицы
|
| 610 |
1 |
|
|a аналитическая химия
|
| 610 |
1 |
|
|a электрохимические методы
|
| 610 |
1 |
|
|a электроды
|
| 700 |
|
1 |
|a Дубова
|b Н. М.
|c химик
|c доцент Томского политехнического университета, кандидат химических наук
|f 1952-
|g Надежда Михайловна
|3 (RuTPU)RU\TPU\pers\25611
|
| 701 |
|
1 |
|a Слепченко
|b Г. Б.
|c химик
|c профессор Томского политехнического университета, доктор химических наук
|f 1956-
|g Галина Борисовна
|3 (RuTPU)RU\TPU\pers\25643
|9 11554
|
| 701 |
|
0 |
|a Хо Ши Линь
|
| 712 |
0 |
2 |
|a Национальный исследовательский Томский политехнический университет (ТПУ)
|b Институт природных ресурсов (ИПР)
|b Кафедра физической и аналитической химии (ФАХ)
|3 (RuTPU)RU\TPU\col\18656
|
| 801 |
|
1 |
|a RU
|b 63413507
|c 20120201
|
| 801 |
|
2 |
|a RU
|b 63413507
|c 20170522
|g RCR
|
| 856 |
4 |
|
|u http://www1.fips.ru/fips_servl/fips_servlet?DB=RUPAT&rn=997&DocNumber=2508538&TypeFile=html
|
| 942 |
|
|
|c CF
|